| 000 | 01118nam a22003257a 4500 | ||
|---|---|---|---|
| 001 | BR7802541 | ||
| 003 | BR-BrBNA | ||
| 005 | 20230928085554.0 | ||
| 007 | ta | ||
| 008 | 230509b bl.||||| |||| 00| 0 por d | ||
| 040 |
_aBR-BrBNA _bpor _cBiblioteca Nacional de Agricultura |
||
| 041 | _a(Por) | ||
| 072 |
_aF25; F60 _b0180 _b3830 _b3801 |
||
| 090 | _ 0180 BR7802541 | ||
| 100 | 1 | _aBarreto, A.C. | |
| 110 | 1 |
_aUniversidade Federal do Rio Grande do Sul, Porto Alegre (Brasil). Faculdade de Agronomia _0Dissertacao (Mestre em Solos) |
|
| 245 | 1 | _aEfeitos da acidulacao parcial de misturas com superfosfato triplo e enxofre e da granulacao na eficiencia de fosfatos naturais [Trigo; Triticum aestivum; Nutricao vegetal] | |
| 260 | 3 |
_aPorto Alegre, RS (Brasil): _c1977. |
|
| 300 | _a63 p. | ||
| 500 | _aBibliography p. 52-58 (70 ref.); Summaries (Eng, Por) | ||
| 650 | _aSuperfosfato triplo | ||
| 650 | _aEnxofre | ||
| 650 | _aFosfato | ||
| 650 | _aTrigo | ||
| 650 | _aNutricao vegetal | ||
| 650 | _aFertilizante fosfatado | ||
| 650 | _aAbsorcao | ||
| 909 |
_a202309 _bLucia _c55 _dLucia Elande |
||
| 942 | _cBK | ||
| 999 |
_c25163 _d25163 |
||